கணிதம் கடினமானதா ? /

Saved in:
Bibliographic Details
Main Author: கோபிந்தராஜா, கிட்டணன்
Format: Book
Language:English
Tamil
Published: கொழும்பு; குமரன் புத்தக இல்லம், 2021
Subjects:
Tags: Add Tag
No Tags, Be the first to tag this record!

MARC

LEADER 00000nam a22000007a 4500
005 20260409151450.0
008 260409b |||||||| |||| 00| 0 eng d
020 |a 9789556597387 
041 |a tam  |h tam 
082 |a 371.3  |b கோபிந் 
100 |a கோபிந்தராஜா, கிட்டணன்   |9 117118 
245 |a கணிதம் கடினமானதா ? /   |c கிட்டணன் கோபிந்தராஜா. 
260 |a கொழும்பு;  |b குமரன் புத்தக இல்லம்,  |c 2021 
300 |a xiv,96p.:  |b ill.col;  |c 21.5cm 
500 |a Purchased 
650 |a கற்பித்தல் மற்றும் கற்றல் முறைகள்  |9 117119 
942 |c BK 
999 |c 71191  |d 71191